000 01432nam a22002897a 4500
005 20220526091304.0
008 220526b sp ||||| |||| 00| 0 spa d
020 _a8495107600 (Iberoamericana)
020 _a3893541942 (Vervuert)
050 0 4 _aHN110.5.Z9
_bE42 1999
245 0 0 _aBeneméritos, aristócratas y empresarios :
_b identidades y estructuras sociales de las capas altas urbanas en América hispánica
_c/ Bernd Schöter y Christian Büschges (eds.).
250 _a1a ed.
260 _aMadrid, España :
_bIberoamericana ;
_aFrankfurt am Main :
_bVervuert,
_c1999.
300 _a315 p. :
_bil. ;
_c22 cm.
490 1 _aActa coloniensia : estudios ibéricos y latinoamericanos ;
_v4
500 _aResultados de un simposio realizado del 4 al 6 de diciembre de 1998 patrocinado por el Instituto de Historia Ibérica y Latinoamericana de la Universidad de Colonia.
504 _aIncluye referencias bibliográficas.
546 _aEspañola e ingles
650 7 _2Lemb
_aElite (Ciencias sociales)
_vCongresos
_zAmérica Latina
650 7 _2Lemb
_aAristocracia (clase social)
_vCongresos
_zAmérica Latina
650 7 _2Lemb
_aClase alta
_vCongresos
_zAmérica Latina
650 7 _2Lemb
_aSociología Urbana
_vCongresos
_zAmérica Latina
650 7 _2Lemb
_aSociología Rural
_vCongresos
_zAmérica Latina.
700 1 _aSchröter, Bernd,
_d1954-
700 1 _aBüschges, Christian.
942 _2lcc
_cLIB
999 _c162208
_d162206